000 00256nam a2200109Ia 4500
008 200302s9999 xx 000 0 und d
100 _aKaren Roos & Other
245 _aOutdoor Living
260 _bNew Holland publishers
260 _c2001
300 _a143 P.,
999 _c2386
_d2386